Statistics for 2002 FIFA World Cup Results

Click here to take the quiz!

General Stats

  • This quiz has been taken 271 times
    (229 since last reset)
  • The average score is 26 of 32

Answer Stats

% Correct
France
96%
Brazil
96%
Japan
94%
Italy
94%
South Korea
93%
England
93%
Spain
92%
Germany
92%
United States
90%
Argentina
89%
Turkey
87%
Denmark
87%
Portugal
86%
Sweden
85%
Uruguay
85%
Mexico
82%
Belgium
82%
Senegal
82%
Russia
80%
Nigeria
80%
Ireland
80%
Saudi Arabia
75%
Poland
75%
China PR
73%
Paraguay
72%
Croatia
72%
Cameroon
70%
Ecuador
68%
Costa Rica
66%
Tunisia
62%
South Africa
61%
Slovenia
52%

Score Distribution

Percentile by Number Answered

Percent of People with Each Score

Your Score History

You have not taken this quiz since the last reset